000 00594nab a2200181 4500
999 _c372389
_d372389
001 90031
003 OSt
005 20230420140808.0
007 tu
008 110905s2000|||||||
040 _aDE-2950
_cDE-2950
245 0 0 _aDie Nasenbären sind da.
_bNeuzugang. Das Warten hat ein ende: Zwei der drei bestellten Tiere sind im Wildpark Frankfurt angekommen und gewöhnen sich gerade ein /
_cPhilipp Stepputtis
264 _c2023
653 _aFrankfurt (Oder)
653 _aWildpark
773 0 _g34. Jahrgang (2023) Nr. 92, 20.04.2023, S. 13: mit Foto
_tMärkische Oderzeitung
942 _2z
_cA